[Event "Sydney International Challengers"]
[Site "Parramatta, NSW"]
[Date "2009.04.17"]
[Round "6.17"]
[White "Nakauchi, Kenji"]
[Black "Hvistendahl, Robert"]
[Result "0-1"]
[WhiteElo "927"]
[BlackElo "1888"]
[PlyCount "76"]
[EventDate "2009.04.15"]
[EventType "swiss"]
[EventRounds "9"]
[EventCountry "AUS"]
[SourceDate "2009.04.15"]

1. d4 d5 2. c4 e6 3. Nc3 c6 4. e3 Nf6 5. Bd3 Nbd7 6. Bd2 Bd6 7. Nf3 O-O 8. O-O
dxc4 9. Bxc4 e5 10. Bd3 Re8 11. Qc2 exd4 12. exd4 Nb6 13. Ng5 h6 14. Nxf7 Bxh2+
15. Kxh2 Ng4+ 16. Kg1 Qxd4 17. Bg6 Re6 18. Rad1 Qf6 19. Bg5 Qxg6 20. Rd8+ Kxf7
21. Qxg6+ Kxg6 22. Bh4 Bd7 23. Rxa8 Nxa8 24. Rd1 Nb6 25. f3 Ne5 26. Bg3 Re7 27.
a4 Bf5 28. Rd6+ Kf7 29. Kf2 Nbc4 30. Rd1 Nd3+ 31. Kg1 Ndxb2 32. Rc1 Nd3 33. Rd1
g5 34. Bh2 Re1+ 35. Rxe1 Nxe1 36. Kf1 Nd3 37. Bg1 a6 38. Ne2 Nd2# 0-1

[Event "Sydney International Challengers"]
[Site "Parramatta, NSW"]
[Date "2009.04.17"]
[Round "6.18"]
[White "Bleicher, Horst"]
[Black "Mithran, Mirakla"]
[Result "0-1"]
[WhiteElo "1822"]
[BlackElo "1175"]
[PlyCount "112"]
[EventDate "2009.04.15"]
[EventType "swiss"]
[EventRounds "9"]
[EventCountry "AUS"]
[SourceDate "2009.04.15"]

1. c4 c5 2. Nc3 Nc6 3. Nf3 g6 4. g3 Bg7 5. Bg2 Nf6 6. O-O O-O 7. d3 d6 8. h3
Bd7 9. Be3 Qc8 10. Kh2 Rb8 11. Qd2 e5 12. Bh6 Nd4 13. Bxg7 Kxg7 14. Ng5 h6 15.
Nge4 Nxe4 16. Nxe4 Qc7 17. e3 Nc6 18. a3 Be6 19. f4 b6 20. fxe5 dxe5 21. Rf6
Rbd8 22. Qc3 Bf5 23. Rf1 Nb8 24. g4 Nd7 25. gxf5 Nxf6 26. Nxf6 Kxf6 27. fxg6+
Kxg6 28. Be4+ f5 29. Rg1+ Kh7 30. Bg2 Rg8 31. e4 f4 32. Rf1 Qg7 33. Qd2 Qg3+
34. Kh1 Rdf8 35. Rf3 Qh4 36. b4 Rf7 37. bxc5 bxc5 38. Qf2 Qxf2 39. Rxf2 Rg3 40.
Bf1 Rb7 41. Kh2 Rb3 42. Ra2 Rb1 43. Bg2 Rxd3 44. h4 Rg3 45. Bh3 Rbb3 46. Bf5+
Kg7 47. a4 Ra3 48. Rd2 Rxa4 49. Rd7+ Kh8 50. Rh7+ Kg8 51. Rxh6 Ra2+ 52. Kh1 Re3
53. Rg6+ Kf7 54. h5 Re1+ 55. Rg1 Rxg1+ 56. Kxg1 Kg7 0-1

[Event "Sydney International Challengers"]
[Site "Parramatta, NSW"]
[Date "2009.04.18"]
[Round "6.19"]
[White "Derwent, Ethan"]
[Black "Barcelona, Eliel"]
[Result "0-1"]
[WhiteElo "1123"]
[BlackElo "1455"]
[PlyCount "102"]
[EventDate "2009.04.15"]
[EventType "swiss"]
[EventRounds "9"]
[EventCountry "AUS"]
[SourceDate "2009.04.15"]

1. d4 d5 2. c4 c6 3. Nc3 Nf6 4. Nf3 Bf5 5. Bg5 dxc4 6. e3 e6 7. Bxc4 b5 8. Bd3
Nbd7 9. e4 Bg6 10. e5 h6 11. Bxg6 hxg5 12. exf6 fxg6 13. f7+ Kxf7 14. O-O Bd6
15. Ne4 Be7 16. Qb3 g4 17. Nfd2 Qc7 18. Qg3 Qxg3 19. fxg3+ Ke8 20. Rae1 Rf8 21.
Rxf8+ Kxf8 22. Nb3 a5 23. Nf2 a4 24. Nd2 Bb4 25. Re2 Bxd2 26. Rxd2 Nf6 27. Rc2
Rc8 28. Kf1 Ke7 29. Ke2 Kd6 30. Kd3 Rh8 31. h3 gxh3 32. gxh3 Rf8 33. Re2 Nd5
34. Ne4+ Ke7 35. Ng5 Rf6 36. a3 Nb6 37. Kc3 Nd5+ 38. Kd3 Kd7 39. h4 Ne7 40. g4
Nd5 41. Re5 Rf2 42. Nxe6 Rxb2 43. Nxg7 Rb3+ 44. Kc2 Rxa3 45. h5 Rc3+ 46. Kb1
Rb3+ 47. Ka1 Nc3 48. Re1 a3 49. h6 a2 50. h7 Rb1+ 51. Rxb1 axb1=Q# 0-1

[Event "Sydney International Challengers"]
[Site "Parramatta, NSW"]
[Date "2009.04.18"]
[Round "6.21"]
[White "Escalante, Lorenzo"]
[Black "Roche, Stephen"]
[Result "1-0"]
[WhiteElo "1891"]
[BlackElo "1124"]
[PlyCount "63"]
[EventDate "2009.04.15"]
[EventType "swiss"]
[EventRounds "9"]
[EventCountry "AUS"]
[SourceDate "2009.04.15"]

1. e4 e5 2. f4 Nc6 3. Bc4 Nf6 4. Nc3 Bc5 5. Nf3 d6 6. d3 O-O 7. h3 Nh5 8. Ng5
Ng3 9. Qf3 Nxh1 10. Qh5 h6 11. Nxf7 Rxf7 12. Qxf7+ Kh8 13. Ne2 Bxh3 14. gxh3
Qh4+ 15. Kd2 Qf2 16. fxe5 Qe3+ 17. Ke1 Qxh3 18. d4 Bxd4 19. Nxd4 Nxd4 20. Bf1
Qh4+ 21. Kd2 dxe5 22. Kc3 Rd8 23. b3 Nf2 24. Be3 Nxe4+ 25. Kb2 Qh2 26. Bd3 Nc5
27. Bg6 Qh3 28. Rf1 Nde6 29. Bxc5 b6 30. Bf8 c5 31. Bxg7+ Nxg7 32. Qf8+ 1-0

[Event "Sydney International Challengers"]
[Site "Parramatta, NSW"]
[Date "2009.04.17"]
[Round "6.23"]
[White "Su, Alexander"]
[Black "Banovic, Milko"]
[Result "1-0"]
[WhiteElo "483"]
[BlackElo "1332"]
[PlyCount "50"]
[EventDate "2009.04.15"]
[EventType "swiss"]
[EventRounds "9"]
[EventCountry "AUS"]
[SourceDate "2009.04.15"]

1. e4 c5 2. c3 Nf6 3. e5 Nd5 4. Nf3 e6 5. d4 cxd4 6. cxd4 a6 7. a3 Nc6 8. Bc4
d6 9. Bxd5 exd5 10. O-O dxe5 11. Nxe5 Be7 12. Bf4 O-O 13. Re1 Nxe5 14. Bxe5 f6
15. Bg3 Bd6 16. Bxd6 Qxd6 17. Nc3 Bd7 18. Qb3 Bc6 19. Re2 Kh8 20. Rae1 Rf7 21.
Ne4 Qc7 22. Nc5 Rg8 23. Qe3 Bd7 24. Qc3 Bb5 25. Rc2 Rc8 1-0

[Event "Sydney International Challengers"]
[Site "Parramatta, NSW"]
[Date "2009.04.17"]
[Round "6.24"]
[White "Christian, Kashish"]
[Black "Beahan, Patrick"]
[Result "0-1"]
[WhiteElo "474"]
[BlackElo "1349"]
[PlyCount "68"]
[EventDate "2009.04.15"]
[EventType "swiss"]
[EventRounds "9"]
[EventCountry "AUS"]
[SourceDate "2009.04.15"]

1. e4 e5 2. Bc4 Bc5 3. d3 Nf6 4. Nc3 O-O 5. f4 d6 6. Nf3 Nc6 7. f5 Na5 8. Bb3
Nc6 9. Qe2 a5 10. g4 Nd4 11. Nxd4 exd4 12. Nd5 Nxd5 13. Bxd5 c6 14. Bc4 b5 15.
Bb3 a4 16. Bxf7+ Rxf7 17. Bf4 Bb4+ 18. Kd1 a3 19. b3 Bc3 20. Rb1 g5 21. Bg3 b4
22. h4 h6 23. hxg5 Qxg5 24. Bxd6 Raa7 25. Rh5 Qf6 26. e5 Qg7 27. e6 Rfe7 28.
Bxe7 Rxe7 29. Qf3 Qe5 30. Qe2 Qg3 31. Rh1 Bb7 32. Qh2 Qf3+ 33. Qe2 Qxh1+ 34.
Qf1 Qxf1# 0-1

[Event "Sydney International Challengers"]
[Site "Parramatta, NSW"]
[Date "2009.04.18"]
[Round "7.2"]
[White "Erkan, Mustafa"]
[Black "Baterowicz, Mark"]
[Result "1/2-1/2"]
[WhiteElo "1676"]
[BlackElo "1732"]
[PlyCount "30"]
[EventDate "2009.04.15"]
[EventType "swiss"]
[EventRounds "9"]
[EventCountry "AUS"]
[SourceDate "2009.04.15"]

1. d4 d5 2. c4 dxc4 3. Nf3 c6 4. e3 b5 5. a4 e6 6. axb5 cxb5 7. b3 Bb4+ 8. Bd2
Bxd2+ 9. Nbxd2 cxb3 10. Ne5 Nf6 11. Bxb5+ Bd7 12. Qxb3 O-O 13. O-O Bxb5 14.
Qxb5 Qd5 15. Rfb1 a6 1/2-1/2

[Event "Sydney International Challengers"]
[Site "Parramatta, NSW"]
[Date "2009.04.18"]
[Round "7.4"]
[White "Weller, Tony"]
[Black "Barker, Ken"]
[Result "1-0"]
[WhiteElo "1987"]
[BlackElo "1468"]
[PlyCount "89"]
[EventDate "2009.04.15"]
[EventType "swiss"]
[EventRounds "9"]
[EventCountry "AUS"]
[SourceDate "2009.04.15"]

1. c4 Nf6 2. Nc3 e6 3. g3 c5 4. Bg2 Nc6 5. Nf3 b6 6. d3 Bb7 7. O-O Be7 8. Bf4
d6 9. a3 O-O 10. Rb1 Qc8 11. b4 e5 12. Bg5 h6 13. Bxf6 Bxf6 14. Nd5 Ne7 15.
Nxf6+ gxf6 16. Nh4 Bxg2 17. Kxg2 Kh7 18. f4 Rg8 19. fxe5 Qc6+ 20. e4 dxe5 21.
Qh5 Qe6 22. Rf2 Rg5 23. Qf3 f5 24. exf5 Qc6 25. f6 Qxf3+ 26. Rxf3 Nc6 27. bxc5
Nd4 28. Rf2 bxc5 29. Rb7 Kg8 30. Rfb2 Ne6 31. Rb8+ Rxb8 32. Rxb8+ Kh7 33. Rb7
Kg8 34. Rxa7 Nf4+ 35. Kf3 Nxd3 36. Ra8+ Kh7 37. Rf8 e4+ 38. Kxe4 Ne5 39. a4
Nxc4 40. Rxf7+ Kg8 41. Ra7 Nd6+ 42. Kd3 c4+ 43. Kc2 Rc5 44. Ng6 Ne4 45. Rg7#
1-0

[Event "Sydney International Challengers"]
[Site "Parramatta, NSW"]
[Date "2009.04.18"]
[Round "7.5"]
[White "Deen-Cowell, Nicholas"]
[Black "Feng, Thomas"]
[Result "1-0"]
[WhiteElo "1408"]
[BlackElo "1472"]
[PlyCount "43"]
[EventDate "2009.04.15"]
[EventType "swiss"]
[EventRounds "9"]
[EventCountry "AUS"]
[SourceDate "2009.04.15"]

1. e4 e6 2. d4 d5 3. Nc3 Nf6 4. Bg5 Be7 5. e5 Nfd7 6. Bxe7 Qxe7 7. f4 c5 8. Nf3
Nc6 9. Nb5 O-O 10. c3 cxd4 11. cxd4 f6 12. Qd2 fxe5 13. fxe5 Nb6 14. Nd6 Rb8
15. Bd3 Bd7 16. O-O h6 17. Qf2 Nc8 18. Qg3 Nxd6 19. exd6 Qd8 20. Qg6 Rf6 21.
Qh7+ Kf7 22. Bg6+ 1-0

[Event "Sydney International Challengers"]
[Site "Parramatta, NSW"]
[Date "2009.04.18"]
[Round "7.6"]
[White "McCook, Jake"]
[Black "Gu, Sean"]
[Result "1/2-1/2"]
[WhiteElo "1188"]
[BlackElo "1530"]
[PlyCount "50"]
[EventDate "2009.04.15"]
[EventType "swiss"]
[EventRounds "9"]
[EventCountry "AUS"]
[SourceDate "2009.04.15"]

1. e4 c5 2. Nc3 e6 3. g3 d5 4. d3 d4 5. Nce2 Bd6 6. Bg2 Nc6 7. f4 f6 8. Nf3
Nge7 9. O-O O-O 10. c3 Qb6 11. c4 Qc7 12. Bd2 Rb8 13. Rb1 a5 14. a4 Nb4 15.
Bxb4 axb4 16. b3 Nc6 17. Nc1 Bd7 18. Nh4 f5 19. e5 Be7 20. Nf3 Nd8 21. Ra1 Bc6
22. Qe2 Nf7 23. Nd2 Bxg2 24. Qxg2 Nh8 25. Ne2 Ng6 1/2-1/2

[Event "Sydney International Challengers"]
[Site "Parramatta, NSW"]
[Date "2009.04.18"]
[Round "7.7"]
[White "Hannagan, Peter"]
[Black "Harris, Bruce"]
[Result "1-0"]
[WhiteElo "1452"]
[BlackElo "1411"]
[PlyCount "75"]
[EventDate "2009.04.15"]
[EventType "swiss"]
[EventRounds "9"]
[EventCountry "AUS"]
[SourceDate "2009.04.15"]

1. e4 e5 2. Nf3 Nc6 3. Bb5 a6 4. Bxc6 dxc6 5. Nc3 Bd6 6. d3 Bg4 7. h3 Bh5 8. g4
Bg6 9. d4 f6 10. dxe5 fxe5 11. Bg5 Nf6 12. Qd2 Qd7 13. Bxf6 gxf6 14. Qe3 Qe7
15. Nh4 Bc5 16. Qf3 O-O-O 17. O-O Kb8 18. Na4 Ba7 19. Rad1 Rdf8 20. Kg2 Rhg8
21. Rd3 h5 22. Nxg6 Rxg6 23. Qf5 Rg5 24. Qd7 Qxd7 25. Rxd7 hxg4 26. h4 Rg6 27.
Rfd1 b5 28. Rd8+ Rxd8 29. Rxd8+ Kb7 30. Nc3 Bc5 31. Kg3 Rh6 32. Nd1 Be7 33. Re8
Rh7 34. Ne3 Kb6 35. Kxg4 Kc5 36. Nf5 Bd6 37. h5 a5 38. h6 1-0

[Event "Sydney International Challengers"]
[Site "Parramatta, NSW"]
[Date "2009.04.18"]
[Round "7.8"]
[White "Yuen, Jonathan"]
[Black "Eustace, Sophie"]
[Result "1/2-1/2"]
[WhiteElo "1371"]
[BlackElo "1419"]
[PlyCount "73"]
[EventDate "2009.04.15"]
[EventType "swiss"]
[EventRounds "9"]
[EventCountry "AUS"]
[SourceDate "2009.04.15"]

1. e4 c5 2. d4 cxd4 3. c3 d3 4. Bxd3 e6 5. c4 Nc6 6. Nc3 d6 7. Be3 Nf6 8. Rc1
b6 9. b3 Bb7 10. f3 d5 11. cxd5 exd5 12. Bb5 dxe4 13. Nxe4 Bb4+ 14. Ke2 Nxe4
15. Rxc6 Qxd1+ 16. Kxd1 Rd8+ 17. Ke2 a6 18. Rc8+ Ke7 19. Rc7+ Kf8 20. fxe4 Bxe4
21. Bc6 Bd6 22. Bxe4 Bxc7 23. Nf3 Re8 24. Rc1 Re7 25. Bb7 a5 26. Kf2 Ke8 27.
Bf4 Kd8 28. Rd1+ Rd7 29. Rxd7+ Kxd7 30. Bxc7 Kxc7 31. Bd5 f6 32. Nd4 Kd6 33.
Bc4 g6 34. Nc2 Kc5 35. a4 Rd8 36. Ke2 Re8+ 37. Kf3 1/2-1/2

[Event "Sydney International Challengers"]
[Site "Parramatta, NSW"]
[Date "2009.04.18"]
[Round "7.11"]
[White "Leong, Edward"]
[Black "Glissan, Paul"]
[Result "0-1"]
[WhiteElo "1432"]
[BlackElo "1947"]
[PlyCount "56"]
[EventDate "2009.04.15"]
[EventType "swiss"]
[EventRounds "9"]
[EventCountry "AUS"]
[SourceDate "2009.04.15"]

1. e4 d6 2. d4 Nf6 3. Nc3 g6 4. Be3 Bg7 5. f3 O-O 6. Qd2 e5 7. d5 c6 8. dxc6
bxc6 9. O-O-O d5 10. exd5 cxd5 11. Nxd5 Nxd5 12. Qxd5 Qxd5 13. Rxd5 Be6 14. Rd6
Re8 15. Bd3 Bf8 16. Be4 Bxd6 17. Bxa8 Bxa2 18. Bxa7 Nd7 19. Be4 f5 20. Bd3 Nf6
21. Nh3 e4 22. fxe4 fxe4 23. Be2 Bb3 24. c3 Ra8 25. Bg1 Ra1+ 26. Kd2 Nd5 27. g3
Rb1 28. c4 Bb4# 0-1

[Event "Sydney International Challengers"]
[Site "Parramatta, NSW"]
[Date "2009.04.18"]
[Round "7.12"]
[White "Simmonds, Leteisha"]
[Black "Canfell, Mike"]
[Result "0-1"]
[WhiteElo "1169"]
[BlackElo "1932"]
[PlyCount "92"]
[EventDate "2009.04.15"]
[EventType "swiss"]
[EventRounds "9"]
[EventCountry "AUS"]
[SourceDate "2009.04.15"]

1. e4 c5 2. Nf3 d6 3. d4 cxd4 4. c3 dxc3 5. Nxc3 Nc6 6. Bc4 e6 7. Qe2 Be7 8. a3
Nf6 9. O-O a6 10. Rd1 Bd7 11. h3 O-O 12. Be3 Rc8 13. Rac1 Qa5 14. Bb3 b5 15.
Bd2 Qb6 16. Be3 Qb7 17. Bc2 Na5 18. Bb1 Nc4 19. Ne1 Bc6 20. Bf4 Rfd8 21. Nf3 a5
22. Nd4 Be8 23. Bh2 Rc5 24. b4 axb4 25. axb4 Rcc8 26. Bd3 d5 27. exd5 exd5 28.
Na2 Bf8 29. Kh1 Ra8 30. Rb1 Ra3 31. Bg1 Rda8 32. Nc1 Bd7 33. Bf5 Re8 34. Qc2
Bxf5 35. Nxf5 Ne4 36. Rb3 Ra4 37. Nd3 g6 38. Nd4 Bg7 39. f3 Ng3+ 40. Kh2 Qb8
41. f4 Bxd4 42. Bxd4 Re2 43. Qc1 Nf5 44. Nc5 Raa2 45. Nd7 Rxg2+ 46. Kh1 Ng3+
0-1

[Event "Sydney International Challengers"]
[Site "Parramatta, NSW"]
[Date "2009.04.18"]
[Round "7.13"]
[White "Hvistendahl, Robert"]
[Black "Tracey, Michael"]
[Result "1-0"]
[WhiteElo "1888"]
[BlackElo "1418"]
[PlyCount "83"]
[EventDate "2009.04.15"]
[EventType "swiss"]
[EventRounds "9"]
[EventCountry "AUS"]
[SourceDate "2009.04.15"]

1. e4 c5 2. Nf3 Nc6 3. d4 cxd4 4. Nxd4 e5 5. Nb5 d6 6. c4 a6 7. N5a3 Be7 8. Nc3
Nf6 9. Bd3 O-O 10. O-O Bg4 11. f3 Bh5 12. Kh1 h6 13. g4 Bg6 14. g5 hxg5 15.
Bxg5 Nh5 16. Be3 Bg5 17. Nc2 Ne7 18. Bxg5 Qd7 19. Qe1 f6 20. Be3 Kf7 21. f4
exf4 22. Bxf4 Rh8 23. Qe2 Rh7 24. Rf2 Rah8 25. Qe3 Nxf4 26. Qxf4 Rh4 27. Qd2
Qh3 28. Nd4 Bh5 29. Rg1 Rg4 30. Rxg4 Bxg4 31. Bf1 Qh5 32. Be2 Bxe2 33. Qxe2 Qe5
34. Nf3 Qf4 35. e5 Nf5 36. e6+ Ke8 37. Kg1 Rh6 38. Nd5 Qg4+ 39. Rg2 Nd4 40.
Rxg4 Nxe2+ 41. Kf2 Nc1 42. Rxg7 1-0

[Event "Sydney International Challengers"]
[Site "Parramatta, NSW"]
[Date "2009.04.18"]
[Round "7.14"]
[White "Christensen, Joshua"]
[Black "Setiabudi, Megan"]
[Result "1-0"]
[WhiteElo "1882"]
[BlackElo "1382"]
[PlyCount "111"]
[EventDate "2009.04.15"]
[EventType "swiss"]
[EventRounds "9"]
[EventCountry "AUS"]
[SourceDate "2009.04.15"]

1. d4 d6 2. c4 e5 3. dxe5 dxe5 4. Qxd8+ Kxd8 5. a3 Be6 6. e3 c6 7. Nc3 Kc7 8.
b4 Nd7 9. Bb2 f6 10. Nf3 Nh6 11. Rc1 Rd8 12. Be2 Nf7 13. c5 Be7 14. Nd2 f5 15.
Nc4 e4 16. Na4 Bf6 17. O-O Bxb2 18. Naxb2 Nf6 19. a4 g5 20. b5 h5 21. b6+ axb6
22. cxb6+ Kd7 23. Na5 Rb8 24. Rfd1+ Ke7 25. Rxc6 Nd5 26. Rc5 Nxb6 27. Rc7+ Kf6
28. Rxb7 Rxb7 29. Nxb7 Nd5 30. Bc4 Rb8 31. Bxd5 Bxd5 32. Rxd5 Rxb7 33. Rd2 Ne5
34. Kf1 f4 35. Ke1 Rb3 36. exf4 gxf4 37. Kd1 Rb7 38. a5 Ra7 39. Rd6+ Kf5 40.
Rd5 Ke6 41. Rb5 h4 42. Rb6+ Kf5 43. a6 Nd7 44. Rb7 Rxa6 45. Rxd7 Rg6 46. Rf7+
Ke5 47. Nc4+ Kd5 48. Nd2 Rxg2 49. Rxf4 Rxh2 50. Nxe4 Ke5 51. Rg4 Kf5 52. f3 h3
53. Ke1 Rb2 54. Nd2 h2 55. Rh4 Ra2 56. Rxh2 1-0

[Event "Sydney International Challengers"]
[Site "Parramatta, NSW"]
[Date "2009.04.18"]
[Round "7.15"]
[White "Mithran, Mirakla"]
[Black "Griffin, Hamish"]
[Result "1/2-1/2"]
[WhiteElo "1175"]
[BlackElo "1755"]
[PlyCount "87"]
[EventDate "2009.04.15"]
[EventType "swiss"]
[EventRounds "9"]
[EventCountry "AUS"]
[SourceDate "2009.04.15"]

1. e4 c6 2. d4 d5 3. e5 Bf5 4. Bd3 Bxd3 5. Qxd3 e6 6. Nc3 Qc7 7. Nf3 Ne7 8. O-O
Nf5 9. Bf4 c5 10. dxc5 Bxc5 11. Nb5 Qb6 12. a4 Nc6 13. c3 g6 14. b4 Be7 15.
Nd6+ Bxd6 16. exd6 Qd8 17. Rfe1 Nxd6 18. Qxd5 Nf5 19. Qxd8+ Rxd8 20. Be5 O-O
21. b5 Nxe5 22. Nxe5 f6 23. Nf3 e5 24. g4 Nh6 25. g5 Ng4 26. h3 fxg5 27. hxg4
Rxf3 28. Rxe5 Rdf8 29. Re7 R8f7 30. Re8+ Kg7 31. Ra8 b6 32. a5 Rxc3 33. axb6
axb6 34. Rb8 Rcc7 35. Rxb6 Rb7 36. Raa6 Rfe7 37. Rxb7 Rxb7 38. b6 Kf6 39. Kg2
h5 40. gxh5 gxh5 41. Kh3 Kf5 42. Ra5+ Kf4 43. Rb5 Kf3 44. Rxg5 1/2-1/2

[Event "Sydney International Challengers"]
[Site "Parramatta, NSW"]
[Date "2009.04.18"]
[Round "7.17"]
[White "Greenwood, Norman"]
[Black "Escalante, Lorenzo"]
[Result "0-1"]
[WhiteElo "1743"]
[BlackElo "1891"]
[PlyCount "92"]
[EventDate "2009.04.15"]
[EventType "swiss"]
[EventRounds "9"]
[EventCountry "AUS"]
[SourceDate "2009.04.15"]

1. d4 Nf6 2. Nf3 g6 3. Bg5 Bg7 4. Nbd2 d6 5. c3 Bf5 6. Bxf6 Bxf6 7. e4 Bg4 8.
h3 Bd7 9. Bc4 e6 10. O-O O-O 11. Nh2 c5 12. Ng4 cxd4 13. Nxf6+ Qxf6 14. cxd4
Qxd4 15. b3 Nc6 16. Re1 Ne5 17. Bf1 Rac8 18. Nc4 Qxd1 19. Raxd1 Nxc4 20. Bxc4
b5 21. Rxd6 bxc4 22. Rxd7 c3 23. Rc1 a5 24. Rd3 Rfd8 25. Rxd8+ Rxd8 26. Kf1 Rd4
27. f3 a4 28. bxa4 Rxa4 29. Rc2 Kf8 30. Ke2 f5 31. exf5 gxf5 32. Kd3 Ke7 33.
Kxc3 e5 34. Kb3 Ra7 35. Rc5 Kd6 36. Rb5 f4 37. Rb6+ Kd5 38. Rb5+ Kd4 39. a4 Rg7
40. Rb4+ Ke3 41. Re4+ Kf2 42. Rxe5 Kxg2 43. Rh5 Kxf3 44. Kc3 Kg2 45. Kd3 f3 46.
Rb5 f2 0-1

[Event "Sydney International Challengers"]
[Site "Parramatta, NSW"]
[Date "2009.04.18"]
[Round "7.18"]
[White "Shaw, Robin"]
[Black "Ivanov, Nikola"]
[Result "0-1"]
[WhiteElo "1853"]
[BlackElo "1789"]
[PlyCount "50"]
[EventDate "2009.04.15"]
[EventType "swiss"]
[EventRounds "9"]
[EventCountry "AUS"]
[SourceDate "2009.04.15"]

1. e4 e5 2. Nf3 d6 3. d4 Nc6 4. d5 Nb8 5. c4 Nd7 6. Nc3 Be7 7. Be2 h6 8. O-O
Ngf6 9. b4 b6 10. h3 a5 11. bxa5 Rxa5 12. Bd2 Ra8 13. Qc2 O-O 14. Kh2 Nh7 15.
Nd1 Nc5 16. g4 Ng5 17. Nxg5 Bxg5 18. f4 Bxf4+ 19. Bxf4 exf4 20. Rxf4 Qg5 21.
Kg3 Re8 22. Nc3 Bd7 23. Raf1 Qe5 24. Kg2 f6 25. Bd3 Ra3 0-1

[Event "Sydney International Challengers"]
[Site "Parramatta, NSW"]
[Date "2009.04.18"]
[Round "7.20"]
[White "Lin, Mark"]
[Black "Bleicher, Horst"]
[Result "0-1"]
[WhiteElo "657"]
[BlackElo "1822"]
[PlyCount "126"]
[EventDate "2009.04.15"]
[EventType "swiss"]
[EventRounds "9"]
[EventCountry "AUS"]
[SourceDate "2009.04.15"]

1. e4 e5 2. Nf3 Nc6 3. Bc4 d6 4. d3 Be7 5. Be3 Nf6 6. O-O O-O 7. Ng5 h6 8.
Bxf7+ Rxf7 9. Nxf7 Kxf7 10. c3 Be6 11. Nd2 Kg8 12. f4 Ng4 13. Bf2 Nxf2 14. Rxf2
Qd7 15. f5 Bf7 16. Nf1 Rf8 17. Ng3 Bf6 18. Nh5 Bxh5 19. Qxh5 Qf7 20. Qxf7+ Rxf7
21. g3 Ne7 22. h4 d5 23. Rd1 c6 24. Kg2 {White offered a draw.} g6 25. fxg6
Nxg6 26. Rdf1 Kg7 27. exd5 cxd5 28. Rf5 Ne7 29. R5f3 Ng8 30. Re1 Re7 31. Rfe3
h5 32. Kh3 Nh6 33. d4 e4 34. Rf1 Ng4 35. Re2 e3 36. Kg2 b5 37. Rf5 Rd7 38. a3
Kg6 39. Rf1 a5 40. Ra1 a4 41. Rf1 Re7 42. Rfe1 Kf5 43. Kf3 Bg7 44. Kg2 Ke4 45.
Rf1 Kd3 46. Rfe1 {White offered a draw.} Bh6 47. Kf3 Rf7+ 48. Kg2 Rf2+ 49. Rxf2
Nxf2 50. Kf3 Ng4 51. Kg2 Kd2 52. Rb1 e2 53. Kf3 e1=Q 54. Rxe1 Kxe1 55. Kg2 Bc1
56. Kf3 Bxb2 57. Kf4 Bxa3 58. Kg5 Bc1+ 59. Kxh5 Nf6+ 60. Kg6 Ne4 61. g4 a3 62.
g5 Bxg5 63. hxg5 Nxg5 0-1

[Event "Sydney International Challengers"]
[Site "Parramatta, NSW"]
[Date "2009.04.18"]
[Round "7.24"]
[White "Roche, Stephen"]
[Black "Nakauchi, Kenji"]
[Result "1/2-1/2"]
[WhiteElo "1124"]
[BlackElo "927"]
[PlyCount "48"]
[EventDate "2009.04.15"]
[EventType "swiss"]
[EventRounds "9"]
[EventCountry "AUS"]
[SourceDate "2009.04.15"]

1. e4 e6 2. Nf3 d5 3. exd5 exd5 4. d3 c5 5. Bf4 Nc6 6. Be2 Qf6 7. Bc1 Qg6 8.
Nh4 Qe6 9. O-O Be7 10. Nf3 Nf6 11. Na3 a6 12. c4 d4 13. Bf4 O-O 14. Qd2 Bd6 15.
Bxd6 Qxd6 16. Rfe1 Bf5 17. Nc2 Rfd8 18. a3 Na5 19. Qxa5 b5 20. b3 Rab8 21. Qd2
bxc4 22. bxc4 Rb2 23. Rab1 Ra2 24. Ra1 Rb2 1/2-1/2

[Event "Sydney International Challengers"]
[Site "Parramatta, NSW"]
[Date "2009.04.18"]
[Round "7.25"]
[White "Banovic, Milko"]
[Black "Talisayon, Samuel"]
[Result "1-0"]
[WhiteElo "1332"]
[BlackElo "1192"]
[PlyCount "103"]
[EventDate "2009.04.15"]
[EventType "swiss"]
[EventRounds "9"]
[EventCountry "AUS"]
[SourceDate "2009.04.15"]

1. e4 c5 2. f4 a6 3. Nf3 d6 4. a4 Bg4 5. Bc4 e6 6. O-O Nc6 7. c3 Nf6 8. Qe1
Bxf3 9. Rxf3 Be7 10. d3 O-O 11. Nd2 Ng4 12. Rh3 d5 13. Bb3 d4 14. c4 Nb4 15.
Qe2 f5 16. e5 Bh4 17. g3 Be7 18. Nf1 g5 19. fxg5 Bxg5 20. Bf4 Rf7 21. Bd1 b5
22. axb5 axb5 23. Rxa8 Qxa8 24. Bxg5 Rg7 25. Bf4 bxc4 26. dxc4 Qe4 27. Qxe4
fxe4 28. Bxg4 Rxg4 29. Rh6 Rg6 30. Rxg6+ hxg6 31. Nd2 e3 32. Nf3 Nd3 33. b3 Nc1
34. b4 cxb4 35. Nxd4 b3 36. Nxb3 Nxb3 37. Bxe3 Kf7 38. c5 Na5 39. Kg2 Nc4 40.
Bd4 Ke8 41. h4 Kd7 42. g4 Ke7 43. h5 gxh5 44. gxh5 Na5 45. Kh3 Kf7 46. Kh4 Kg7
47. Kg5 Nc6 48. h6+ Kh7 49. Bb2 Nd8 50. Bc1 Nc6 51. Kf6 Nd4 52. Be3 1-0

[Event "Sydney International Challengers"]
[Site "Parramatta, NSW"]
[Date "2009.04.18"]
[Round "7.26"]
[White "Mithran, Mishael"]
[Black "Christian, Kashish"]
[Result "0-1"]
[WhiteElo "624"]
[BlackElo "474"]
[PlyCount "130"]
[EventDate "2009.04.15"]
[EventType "swiss"]
[EventRounds "9"]
[EventCountry "AUS"]
[SourceDate "2009.04.15"]

1. e4 c5 2. Bc4 Nc6 3. Nc3 g6 4. Qf3 Ne5 5. Qe2 Bg7 6. Nf3 Nxf3+ 7. Qxf3 e6 8.
O-O Ne7 9. d3 O-O 10. Bg5 f6 11. Be3 b6 12. Qh3 d5 13. Bb3 d4 14. Bh6 dxc3 15.
Bxg7 Kxg7 16. Bxe6 cxb2 17. Rab1 Qc7 18. Bxc8 Qxc8 19. Qxc8 Raxc8 20. Rxb2 Nc6
21. c3 Rfd8 22. Rd1 Ne5 23. Rbd2 Rc7 24. Kf1 Rcd7 25. Ke2 b5 26. f4 Nc6 27. Ke3
g5 28. fxg5 fxg5 29. g3 b4 30. cxb4 Nxb4 31. a3 Nc6 32. h4 gxh4 33. gxh4 Kh6
34. Rh1 Ne5 35. Rhd1 c4 36. d4 Nc6 37. d5 Ne5 38. a4 c3 39. Rc2 Rc7 40. Kd4
Nf3+ 41. Kd3 Nxh4 42. Rh1 Kg5 43. Rg1+ Kf4 44. Rf2+ Ke5 45. Rg5+ Kd6 46. Rf6+
Kd7 47. Rg7+ Kc8 48. Rg1 Ng6 49. Kc2 Rc4 50. Rb1 a5 51. Rfb6 Kd7 52. Ra6 Rb4
53. Rf1 Rxe4 54. Rf7+ Re7 55. Rf3 Rc8 56. Rf1 Rf8 57. Rb1 Rc8 58. Rb7+ Ke8 59.
Rbb6 Re2+ 60. Kc1 c2 61. Re6+ Rxe6 62. dxe6 Rc5 63. Rb6 h5 64. Rb7 Ne7 65. Rb8+
Rc8 0-1

[Event "Sydney International Challengers"]
[Site "Parramatta, NSW"]
[Date "2009.04.18"]
[Round "8.2"]
[White "Weller, Tony"]
[Black "Erkan, Mustafa"]
[Result "1-0"]
[WhiteElo "1987"]
[BlackElo "1676"]
[PlyCount "63"]
[EventDate "2009.04.15"]
[EventType "swiss"]
[EventRounds "9"]
[EventCountry "AUS"]
[SourceDate "2009.04.15"]

1. d4 Nf6 2. e3 e6 3. Bd3 Be7 4. f4 d5 5. Nf3 c5 6. c3 b6 7. O-O O-O 8. Nbd2
Ba6 9. Bxa6 Nxa6 10. Ne5 b5 11. Rf3 h5 12. Rh3 g6 13. Qe1 Kg7 14. Qg3 Nc7 15.
Nc6 Qd6 16. Nxe7 Qxe7 17. Qg5 Rae8 18. Qe5 Kg8 19. Qg5 Ng4 20. Qxe7 Rxe7 21.
dxc5 e5 22. f5 gxf5 23. Rxh5 Nxe3 24. Nf3 Nc2 25. Rb1 e4 26. Nd4 Nxd4 27. cxd4
Ne6 28. Rxf5 Nxd4 29. Rxd5 Ne2+ 30. Kf2 Nxc1 31. Rxc1 f5 32. c6 1-0